RICS residential lettings survey Great Britain (Record no. 104304)
[ view plain ]
| 000 -LEADER | |
|---|---|
| fixed length control field | 01809cam a2200217 4500 |
| 001 - CONTROL NUMBER | |
| control field | L129897 |
| 008 - FIXED-LENGTH DATA ELEMENTS--GENERAL INFORMATION | |
| fixed length control field | 050603n2005 000 0 eng u |
| 035 ## - SYSTEM CONTROL NUMBER | |
| System control number | (Sirsi) u129897 |
| 041 ## - LANGUAGE CODE | |
| Language code of text/sound track or separate title | eng |
| 050 ## - LIBRARY OF CONGRESS CALL NUMBER | |
| Classification number | 346.4104342 |
| -- | 18 |
| 110 ## - MAIN ENTRY--CORPORATE NAME | |
| Corporate name or jurisdiction name as entry element | Royal Institution of Chartered Surveyors |
| Subordinate unit | Public Affairs |
| 9 (RLIN) | 4679 |
| 245 ## - TITLE STATEMENT | |
| Title | RICS residential lettings survey Great Britain |
| Remainder of title | January 2005 |
| 260 ## - PUBLICATION, DISTRIBUTION, ETC. | |
| Place of publication, distribution, etc. | London |
| Name of publisher, distributor, etc. | RICS |
| Date of publication, distribution, etc. | 2005 |
| 300 ## - PHYSICAL DESCRIPTION | |
| Extent | 16p. |
| Dimensions | 30cm. |
| 490 ## - SERIES STATEMENT | |
| Series statement | RICS Residential Lettings Survey Great Britain |
| Volume/sequential designation | January 2005 |
| 520 ## - SUMMARY, ETC. | |
| Summary, etc. | Reports that tenant demand for rental property continued to rise in the three month period to January 2005; although growing at a slower rate than in the previous quarter reflecting the more stable housing market. Rents also continued to increase at a slower pace than in the previous quarter. New instructions from landlords including buy-to-let investors showed a modest increase. While new investment activity has slowed there have been few signs that existing landlords are bailing out of the sector. The proportion of landlords opting to sell their investment properties where tenancies had expired in the January quarter has altered little. Rental returns to investors have stabilised. The regional picture was varied with gross yields in London rising for the third consecutive quarter while yields continued to decline in the North. Provides graphs and commentary on tenant demand, new instructions, rents, rents and yields and regional results. |
| 650 ## - SUBJECT ADDED ENTRY--TOPICAL TERM | |
| Topical term or geographic name entry element | RICS RESIDENTIAL LETTINGS SURVEY GREAT BRITAIN |
| 690 ## - LOCAL SUBJECT ADDED ENTRY--TOPICAL TERM (OCLC, RLIN) | |
| Topical term or geographic name as entry element | PROPERTY-RESIDENTIAL PROPERTY-RESIDENTIAL PROPERTY TENURE-LEASEHOLD RESIDENTIAL PROPERTY |
| 856 ## - ELECTRONIC LOCATION AND ACCESS | |
| Uniform Resource Identifier | <a href="https://www.rics.org/Global/Downloads/ResidentialLettingsSurvey200501.pdf">https://www.rics.org/Global/Downloads/ResidentialLettingsSurvey200501.pdf</a> |
| Public note | View this report free of charge at www.rics.org... |
| 942 ## - ADDED ENTRY ELEMENTS (KOHA) | |
| Suppress in OPAC | 0 |
| Withdrawn status | Lost status | Source of classification or shelving scheme | Damaged status | Not for loan | Home library | Current library | Shelving location | Date acquired | Total Checkouts | Full call number | Barcode | Date last seen | Copy number | Price effective from | Koha item type |
|---|---|---|---|---|---|---|---|---|---|---|---|---|---|---|---|
| Dewey Decimal Classification | London | London | Property market reports | 03/06/2005 | PROPERTY MARKET REPORT | 30070860 | 06/08/2019 | 1 | 06/08/2019 | Book | |||||
| Dewey Decimal Classification | Virtual | Virtual | Online | 03/06/2005 | ONLINE PUBLICATION | 129897-2001 | 06/08/2019 | 1 | 06/08/2019 | Book |